Fallout 4 Companions by Picture - Statistics

General Stats
  • This quiz has been taken 177 times
  • The average score is 12 of 16
Answer Stats
Picture Answer % Correct
Dogmeat
97%
Piper Wright
97%
Codsworth
94%
Nick Valetine
94%
Preston Garvey
93%
Paladin Danse
86%
Strong
81%
John Hancock
78%
Cait
73%
Deacon
69%
Curie
66%
Ada
55%
Robert MacCready
53%
Old Longfellow
52%
Porter Gage
39%
X6-88
38%
No matching quizzes found
Score Distribution
Percent of People with Each Score
Percentile by Number Answered
Your Score History
You have not taken this quiz